Tribhuvan University Central Library

Compendium; SA537B: Theory, method and statistics in Sociological research (Record no. 61896)

MARC details
000 -LEADER
fixed length control field 00428 a2200157 4500
041 ## - LANGUAGE CODE
Language code of text/sound track or separate title Eng.
082 ## - DEWEY DECIMAL CLASSIFICATION NUMBER
Classification number 300.72
Item number C738
245 ## - TITLE STATEMENT
Title Compendium; SA537B: Theory, method and statistics in Sociological research
260 ## - PUBLICATION, DISTRIBUTION, ETC.
Place of publication, distribution, etc. Kathmandu
Date of publication, distribution, etc. 2009
300 ## - PHYSICAL DESCRIPTION
Extent vp, illus
650 ## - SUBJECT ADDED ENTRY--TOPICAL TERM
Topical term or geographic name entry element Social research
9 (RLIN) 1417
650 ## - SUBJECT ADDED ENTRY--TOPICAL TERM
Topical term or geographic name entry element Statistical data
9 (RLIN) 17887
650 ## - SUBJECT ADDED ENTRY--TOPICAL TERM
Topical term or geographic name entry element Sampling techique
9 (RLIN) 25043
653 ## - INDEX TERM--UNCONTROLLED
Uncontrolled term Social Science
942 ## - ADDED ENTRY ELEMENTS (KOHA)
Source of classification or shelving scheme Dewey Decimal Classification
Koha item type Text Book Collections

No items available.